[Event "Hrokurinn"]
[Site "Reykjavic ISL"]
[Date "2003.02.18"]
[Round "1"]
[White "Gretarsson,H"]
[Black "Kristjansson,S"]
[Result "1-0"]
[WhiteElo "2516"]
[BlackElo "2432"]
[EventDate "2003.02.18"]

1. d4 d5 2. c4 c6 3. Nc3 Nf6 4. e3 g6 5. Nf3 Bg7 6. Be2 O-O 7. O-O a6 8. h3
b5 9. cxd5 cxd5 10. Ne5 Ne4 11. Nxe4 dxe4 12. f4 exf3 13. Bxf3 Ra7 14. Nd3
Bb7 15. Bxb7 Rxb7 16. Qf3 Rb6 17. Bd2 Rf6 18. Qe4 Re6 19. Qg4 Nd7 20. Qd1
Rf6 21. Nb4 Rd6 22. Rc1 Ne5 23. Rc2 Nc4 24. b3 Nxd2 25. Qxd2 Qd7 26. Rfc1
e5 27. d5 e4 28. Rc7 Qd8 29. Rb7 Re8 30. Rcc7 a5 31. Rxf7 Bh6 32. Qd4 1-0

[Event "Hrokurinn"]
[Site "Reykjavic ISL"]
[Date "2003.02.18"]
[Round "1"]
[White "McShane,L"]
[Black "Korchnoi,V"]
[Result "1/2-1/2"]
[WhiteElo "2568"]
[BlackElo "2642"]
[EventDate "2003.02.18"]

1. e4 e6 2. d4 d5 3. Nd2 c5 4. Ngf3 Nc6 5. exd5 exd5 6. Bb5 Bd6 7. dxc5
Bxc5 8. O-O Nge7 9. Nb3 Bb6 10. Re1 O-O 11. Be3 Bxe3 12. Rxe3 Bg4 13. h3
Bh5 14. Qd2 Bxf3 15. Rxf3 Qb6 16. a4 Rad8 17. Re1 a6 18. Bd3 Ng6 19. Rfe3
Qc7 20. Bxg6 hxg6 21. Nc5 Na5 22. Qb4 b6 23. Nxa6 Qxc2 24. Rc3 Qd2 25. Rc7
Qxb4 26. Nxb4 d4 27. Nd3 Rc8 28. Ree7 Rxc7 29. Rxc7 Nb3 30. Rc6 Rb8 31. Kf1
Nc5 32. Nxc5 bxc5 33. Rxc5 Rxb2 34. Rc8+ Kh7 35. Rd8 Rb4 36. a5 Ra4 37. Rd5
d3 38. Ke1 Ra2 39. Rxd3 Rxa5 40. g3 g5 41. Kf1 Kg6 42. Kg2 f6 43. Rd4 Ra3
44. h4 gxh4 45. Rg4+ Kf7 46. Rxh4 Ra2 47. Rb4 Kg6 48. Rg4+ Kf7 49. Rb4 Kg6
50. Rg4+ 1/2-1/2

[Event "Hrokurinn"]
[Site "Reykjavic ISL"]
[Date "2003.02.18"]
[Round "1"]
[White "Stefansson,H"]
[Black "Shirov,A"]
[Result "1/2-1/2"]
[WhiteElo "2569"]
[BlackElo "2723"]
[EventDate "2003.02.18"]

1. e4 c5 2. Nf3 d6 3. d4 cxd4 4. Nxd4 Nf6 5. Nc3 a6 6. Be3 Ng4 7. Bg5 h6 8.
Bh4 g5 9. Bg3 Bg7 10. h3 Nf6 11. Qf3 Qb6 12. O-O-O Nc6 13. Nxc6 Qxc6 14. e5
Qxf3 15. gxf3 dxe5 16. Bxe5 Bd7 17. h4 Bc6 18. hxg5 hxg5 19. Rxh8+ Bxh8 20.
Be2 Bg7 21. f4 1/2-1/2

[Event "Hrokurinn"]
[Site "Reykjavic ISL"]
[Date "2003.02.19"]
[Round "2"]
[White "Sokolov,I"]
[Black "Stefansson,H"]
[Result "1/2-1/2"]
[WhiteElo "2688"]
[BlackElo "2569"]
[EventDate "2003.02.18"]

1. d4 Nf6 2. c4 e6 3. Nf3 b6 4. Nc3 Bb7 5. Bg5 Bb4 6. Qb3 c5 7. a3 Bxc3+ 8.
Qxc3 h6 9. Bh4 g5 10. Bg3 Ne4 11. Qd3 d6 12. Nd2 Nxg3 13. hxg3 Nd7 14. Ne4
Bxe4 15. Qxe4 cxd4 16. Qxd4 Qf6 17. Qd2 Nc5 18. Rd1 Ne4 19. Qd4 Qxd4 20.
Rxd4 f5 21. e3 Ke7 22. Bd3 Nf6 23. Bb1 Rac8 24. Ke2 Rc5 25. f3 1/2-1/2

[Event "Hrokurinn"]
[Site "Reykjavic ISL"]
[Date "2003.02.19"]
[Round "2"]
[White "Macieja,B"]
[Black "Kristjansson,S"]
[Result "1-0"]
[WhiteElo "2629"]
[BlackElo "2432"]
[EventDate "2003.02.18"]

1. e4 e6 2. d4 d5 3. Nc3 Bb4 4. e5 Ne7 5. Bd2 b6 6. Nce2 Bxd2+ 7. Qxd2 Ba6
8. h4 Qd7 9. h5 h6 10. f4 f5 11. Nf3 O-O 12. Qe3 Qa4 13. c3 Nd7 14. b3 Qa3
15. Qc1 Qxc1+ 16. Rxc1 c5 17. Kd2 Rfc8 18. g3 Rc7 19. Bh3 Rac8 20. g4 Bxe2
21. Kxe2 Rf8 22. Rhg1 fxg4 23. Rxg4 Nf5 24. Rg6 cxd4 25. Bxf5 Rxf5 26. Nxd4
Rxh5 27. Rxg7+ Kxg7 28. Nxe6+ Kg6 29. Nxc7 Kf5 30. Rf1 Nc5 31. Nxd5 Rh3 32.
Rf3 Rh2+ 33. Ke3 h5 34. Rg3 h4 35. Rg5+ Ke6 36. Rg6+ Kf7 37. f5 1-0

[Event "Hrokurinn"]
[Site "Reykjavic ISL"]
[Date "2003.02.19"]
[Round "2"]
[White "Shirov,A"]
[Black "Bacrot,E"]
[Result "1-0"]
[WhiteElo "2723"]
[BlackElo "2671"]
[EventDate "2003.02.18"]

1. e4 e5 2. Nf3 Nf6 3. Nxe5 d6 4. Nf3 Nxe4 5. d4 d5 6. Bd3 Nc6 7. O-O Be7
8. c4 Nb4 9. Be2 Be6 10. Qa4+ Qd7 11. Qxd7+ Kxd7 12. Nc3 Nxc3 13. bxc3 Nc6
14. Rb1 dxc4 15. d5 Bxd5 16. Rd1 Ke6 17. Rxb7 Rab8 18. Rxc7 Rhc8 19. Rxc6+
Rxc6 20. Nd4+ Kd7 21. Nf5 Rb1 22. Nxe7 Rxc1 23. Nxd5 Rxd1+ 24. Bxd1 Rd6 25.
Ne3 Rd3 26. Ba4+ Kd6 27. Nxc4+ Kc5 28. Ne3 Rxc3 29. Kf1 g6 30. Ke2 Kd4 31.
Nc2+ Ke4 32. Bb3 f5 33. h4 f4 34. Ne1 Kf5 35. Nf3 Rc7 36. Kd3 h6 37. Kd4 g5
38. Bc4 Rd7+ 39. Bd5 Rc7 40. hxg5 hxg5 41. Be4+ Kf6 42. Ne5 Rc1 43. Nd3 Rc2
44. a4 Ra2 45. Bc6 Rc2 46. Kd5 g4 47. Nxf4 Rxf2 48. g3 Kf5 49. Bd7+ Kg5 50.
Ne6+ Kh5 51. Nc5 Rf3 52. Ne4 Rd3+ 53. Ke5 Ra3 54. Be8+ 1-0

[Event "Hrokurinn"]
[Site "Reykjavic ISL"]
[Date "2003.02.20"]
[Round "3"]
[White "Stefansson,H"]
[Black "Macieja,B"]
[Result "1/2-1/2"]
[WhiteElo "2569"]
[BlackElo "2629"]
[EventDate "2003.02.18"]

1. e4 e5 2. Nf3 Nf6 3. Nc3 Nc6 4. g3 Bc5 5. Bg2 d6 6. d3 a6 7. h3 h6 8. Be3
Bxe3 9. fxe3 Ne7 10. Nh4 c6 11. Qf3 d5 12. g4 dxe4 13. Nxe4 Nxe4 14. Qxe4
Qa5+ 15. b4 Qd5 16. c4 Qxe4 17. Bxe4 g6 18. Kd2 Be6 19. Kc3 O-O 20. a4 Kh7
21. Rhg1 Nc8 22. Bh1 Nd6 23. c5 Nc8 24. Nf3 f6 25. Nd2 Ne7 26. Nc4 Rad8 27.
Nd6 b6 28. Nc4 Bxc4 29. Kxc4 bxc5 30. bxc5 Nd5 31. Bxd5 cxd5+ 32. Kb4 d4
33. e4 Rc8 34. Rgc1 f5 35. Kc4 fxe4 36. dxe4 Rfd8 37. Ra3 Rc7 38. Rb3 g5
39. Rcb1 Rdc8 40. Rb7 Rxb7 41. Rxb7+ Kg6 42. Rb6+ Kf7 43. Rxa6 Rd8 44. c6
Ke7 45. Ra5 Kd6 46. Rd5+ Kc7 47. a5 Rd6 48. Kd3 Re6 49. Rc5 Re8 50. Kc4 Rd8
51. Rd5 Rd6 52. Kd3 Re6 53. Rb5 Re8 54. Rc5 Kd6 55. Kc4 Kc7 56. a6 Ra8 57.
Ra5 Kb6 58. Rxe5 Rxa6 59. Kxd4 Ra4+ 60. Kd5 Ra3 61. Kd6 Rxh3 62. Kd7 Rd3+
63. Rd5 Rf3 64. Rd6 Rf7+ 65. Ke6 Rf4 66. Kd7 Rf7+ 67. Kd8 Rf8+ 68. Ke7 Rf4
69. e5 Kc7 70. Rxh6 Rxg4 71. Rg6 Rg1 72. Ke8 g4 73. Kf8 g3 74. e6 g2 75. e7
Rf1+ 76. Ke8 g1=Q 77. Rxg1 Rxg1 78. Kf7 Rf1+ 79. Ke6 Re1+ 80. Kf7 Kxc6 81.
e8=Q+ Rxe8 82. Kxe8 1/2-1/2

[Event "Hrokurinn"]
[Site "Reykjavic ISL"]
[Date "2003.02.21"]
[Round "4"]
[White "Stefansson,H"]
[Black "Bacrot,E"]
[Result "1/2-1/2"]
[WhiteElo "2569"]
[BlackElo "2671"]
[EventDate "2003.02.18"]

1. e4 e5 2. Nf3 Nf6 3. Nxe5 d6 4. Nf3 Nxe4 5. Nc3 Nxc3 6. dxc3 Be7 7. Bf4
O-O 8. Qd2 Nd7 9. O-O-O Re8 10. Nd4 Nc5 11. f3 Ne6 12. Be3 Nxd4 13. cxd4 c6
14. Bd3 Be6 15. Kb1 a5 16. g4 b5 17. h4 a4 18. h5 Bc4 19. f4 1/2-1/2

[Event "Hrokurinn"]
[Site "Reykjavic ISL"]
[Date "2003.02.21"]
[Round "4"]
[White "Shirov,A"]
[Black "Gretarsson,H"]
[Result "1-0"]
[WhiteElo "2723"]
[BlackElo "2516"]
[EventDate "2003.02.18"]

1. d4 d5 2. c4 c6 3. Nf3 Nf6 4. e3 Bf5 5. Nh4 Bxb1 6. Rxb1 e6 7. a3 Bd6 8.
Bd3 O-O 9. O-O Nbd7 10. g3 a6 11. Bd2 Ne4 12. Bxe4 dxe4 13. f3 Be7 14. Ng2
c5 15. fxe4 cxd4 16. exd4 Nf6 17. Be3 Nxe4 18. Qf3 Nd6 19. c5 Nf5 20. Rbd1
Qd7 21. b4 a5 22. Bf2 axb4 23. axb4 Ra4 24. g4 Nh6 25. Be1 Qc6 26. h3 Qxf3
27. Rxf3 f5 28. Re3 Kf7 29. d5 e5 30. d6 Bf6 31. g5 Bxg5 32. Rxe5 Bf6 33.
Red5 g5 34. d7 Bd8 35. Ne3 Kg6 36. Bc3 Rg8 37. Rd6+ Kh5 38. Nd5 f4 39. Nf6+
1-0

[Event "Hrokurinn"]
[Site "Reykjavic ISL"]
[Date "2003.02.22"]
[Round "5"]
[White "Gretarsson,H"]
[Black "Sokolov,I"]
[Result "1/2-1/2"]
[WhiteElo "2516"]
[BlackElo "2688"]
[EventDate "2003.02.18"]

1. d4 Nf6 2. c4 g6 3. Nc3 d5 4. Bf4 Bg7 5. e3 c5 6. dxc5 Qa5 7. Rc1 Ne4 8.
cxd5 Nxc3 9. Qd2 Qxa2 10. bxc3 Qa5 11. e4 Nd7 12. c4 Qxd2+ 13. Kxd2 Nxc5
14. Re1 a5 15. Nf3 a4 16. Bd3 a3 17. Bc2 a2 18. Be5 Bxe5 19. Nxe5 O-O 20.
f3 f5 21. Nd3 Nxd3 22. Bxd3 fxe4 23. Bxe4 Bf5 24. Bxf5 Rxf5 25. Ra1 b5 26.
Rhd1 Rg5 27. g3 Ra3 28. Kc1 bxc4 29. f4 Rh5 30. Rd2 Rc3+ 31. Kb2 Rd3 32.
Rc2 c3+ 33. Kb3 Rd2 34. Raxa2 Rhxh2 35. Kxc3 Rxc2+ 36. Rxc2 Rxc2+ 37. Kxc2
Kf7 38. Kd3 Kf6 39. Kd4 h6 40. Kc5 g5 41. fxg5+ hxg5 42. Kc6 Ke5 43. Kd7
Kxd5 44. Kxe7 Ke5 45. Kf7 Kf5 46. Kg7 Kg4 47. Kg6 Kxg3 48. Kxg5 1/2-1/2

[Event "Hrokurinn"]
[Site "Reykjavic ISL"]
[Date "2003.02.22"]
[Round "5"]
[White "Kristjansson,S"]
[Black "Shirov,A"]
[Result "0-1"]
[WhiteElo "2432"]
[BlackElo "2723"]
[EventDate "2003.02.18"]

1. e4 e5 2. Nf3 Nc6 3. d4 exd4 4. Nxd4 Bc5 5. Be3 Qf6 6. c3 Nge7 7. Bc4 b6
8. O-O Bb7 9. Nb5 O-O-O 10. Bxc5 bxc5 11. Nd2 Ne5 12. f4 Nxc4 13. Nxc4 d5
14. Ne5 a6 15. Qg4+ Kb8 16. Na3 dxe4 17. Nd7+ Rxd7 18. Qxd7 Nd5 19. Nc4
Nxf4 20. Ne3 Rd8 21. Qg4 g5 22. Rad1 Rd3 23. Qf5 Qe7 24. Rfe1 f6 25. Ng4 c4
26. Ne3 Qd6 27. g3 Qb6 28. gxf4 Rxd1 29. Rxd1 Qxe3+ 30. Kf1 gxf4 31. Qxf6
Bc8 32. Qf8 Qf3+ 33. Ke1 0-1

[Event "Hrokurinn"]
[Site "Reykjavic ISL"]
[Date "2003.02.22"]
[Round "5"]
[White "Bacrot,E"]
[Black "Macieja,B"]
[Result "1/2-1/2"]
[WhiteElo "2671"]
[BlackElo "2629"]
[EventDate "2003.02.18"]

1. e4 c5 2. Nf3 g6 3. d4 cxd4 4. Nxd4 Nc6 5. c4 Nf6 6. Nc3 d6 7. Nc2 Bg7 8.
Be2 O-O 9. O-O Nd7 10. Bd2 Nc5 11. b4 Ne6 12. Rc1 Ned4 13. Nxd4 Nxd4 14.
Nd5 e6 15. Ne3 a5 16. bxa5 Bd7 17. Bb4 Rxa5 18. Bxa5 Qxa5 19. Bd3 Qxa2 20.
Ra1 Qb3 21. Rb1 Qxd1 22. Rfxd1 1/2-1/2

[Event "Hrokurinn"]
[Site "Reykjavic ISL"]
[Date "2003.02.24"]
[Round "6"]
[White "Sokolov,I"]
[Black "Kristjansson,S"]
[Result "1-0"]
[WhiteElo "2688"]
[BlackElo "2432"]
[EventDate "2003.02.18"]

1. d4 d5 2. c4 c6 3. Nc3 Nf6 4. e3 a6 5. Nf3 b5 6. b3 Bg4 7. Be2 e6 8. O-O
Nbd7 9. h3 Bh5 10. Bb2 Bd6 11. Ne5 Bxe2 12. Nxe2 Qc7 13. cxd5 cxd5 14. Rc1
Qb8 15. Nxd7 Nxd7 16. e4 O-O 17. e5 Be7 18. Ng3 Qb6 19. Qg4 Rac8 20. Nh5 g6
21. Nf4 Rxc1 22. Rxc1 Rd8 23. h4 Nf8 24. h5 Qa5 25. Bc3 Qxa2 26. h6 Qxb3
27. Bd2 Qb2 28. Be3 a5 29. Rc7 Rd7 30. Nxe6 fxe6 31. Rxd7 Nxd7 32. Qxe6+
Kf8 33. Qxd7 Qb1+ 34. Kh2 Qf5 35. Qxb5 Qh5+ 36. Kg1 Qd1+ 37. Qf1 Qxf1+ 38.
Kxf1 g5 39. Ke2 Kf7 40. g4 Kg6 41. f4 gxf4 42. Bxf4 a4 43. Kd3 Kf7 44. Kc2
Ke6 45. Kb2 Kf7 46. Ka2 Ke6 47. Bc1 Kf7 48. g5 Kg6 49. e6 Bd8 50. Ka3 Kf5
51. Bf4 Kxe6 52. g6 Bf6 53. Be5 hxg6 54. h7 1-0

[Event "Hrokurinn"]
[Site "Reykjavic ISL"]
[Date "2003.02.25"]
[Round "7"]
[White "Gretarsson,H"]
[Black "Bacrot,E"]
[Result "0-1"]
[WhiteElo "2516"]
[BlackElo "2671"]
[EventDate "2003.02.18"]

1. c4 e5 2. Nc3 Nf6 3. Nf3 Nc6 4. g3 g6 5. Bg2 Bg7 6. O-O O-O 7. d4 exd4 8.
Nxd4 Re8 9. Nc2 d6 10. e4 Ne5 11. b3 c6 12. Ba3 d5 13. f4 Bg4 14. Qd2 Nf3+
15. Bxf3 Bxf3 16. e5 Ne4 17. Qe3 Bg4 18. Nxe4 dxe4 19. Qxe4 f6 20. Ne3 Be2
21. Rf2 fxe5 22. Rc1 Bd3 23. Qf3 Qa5 24. Bd6 e4 25. Qd1 Rad8 26. c5 Bd4 27.
Qe1 Qxe1+ 28. Rxe1 b6 29. Bc7 Rc8 30. cxb6 axb6 31. Bd6 c5 32. f5 b5 33.
fxg6 hxg6 34. Bf4 c4 35. bxc4 bxc4 36. a4 c3 37. Kg2 Rf8 38. Ra2 Rxf4 39.
gxf4 Bxe3 40. Rxe3 c2 0-1

[Event "Hrokurinn"]
[Site "Reykjavic ISL"]
[Date "2003.02.26"]
[Round "8"]
[White "Bacrot,E"]
[Black "Kristjansson,S"]
[Result "1-0"]
[WhiteElo "2671"]
[BlackElo "2432"]
[EventDate "2003.02.18"]

1. d4 d5 2. c4 c6 3. Nc3 Nf6 4. Nf3 a6 5. a4 e6 6. Bg5 a5 7. e3 Be7 8. Be2
O-O 9. O-O Na6 10. Ne5 Nb4 11. Na2 Nd7 12. Bxe7 Qxe7 13. Nxb4 Qxb4 14. Qc2
Nxe5 15. dxe5 Qc5 16. Rfd1 b6 17. Rac1 Ba6 18. Bd3 h6 19. cxd5 Qxc2 20.
Rxc2 Bxd3 21. Rxd3 cxd5 22. Kf1 Rfc8 23. Rdc3 Rxc3 24. Rxc3 Rb8 25. Rb3 Kf8
26. Rb5 Ke7 27. b4 axb4 28. a5 Kd7 29. axb6 Kc6 30. Rxb4 Rxb6 31. Rg4 g6
32. Rf4 Rb7 33. g4 Re7 34. h4 g5 35. Rf6 gxh4 36. Kg2 Kd7 37. Rxh6 Re8 38.
Rh7 Ke7 39. g5 Rg8 40. f4 Kf8 41. Kh3 Ke7 42. Kxh4 Ke8 43. Kg4 Ke7 44. Kf3
Ke8 45. Ke2 Ke7 46. Kd2 Kf8 47. Kd3 Ke8 48. Kc3 Kf8 49. Kb4 Ke8 50. Kc5 Ke7
51. Kb6 Rb8+ 52. Kc7 Rg8 53. Kb7 Ke8 54. Kc6 Ke7 55. Kc7 Rg6 56. Rh8 Rg7
57. Kc6 Rg6 58. Ra8 Rg7 59. Ra7+ Kf8 60. Kd6 Kg8 61. Ra8+ Kh7 62. Ke7 Kg6
63. Rh8 1-0

[Event "Hrokurinn"]
[Site "Reykjavic ISL"]
[Date "2003.02.26"]
[Round "8"]
[White "Sokolov,I"]
[Black "Adams,Mi"]
[Result "1/2-1/2"]
[WhiteElo "2688"]
[BlackElo "2734"]
[EventDate "2003.02.18"]

1. d4 Nf6 2. c4 e6 3. Nc3 Bb4 4. Qc2 d5 5. cxd5 Qxd5 6. e3 c5 7. a3 Bxc3+
8. Qxc3 Nbd7 9. Nf3 O-O 10. Bc4 cxd4 11. Qxd4 Qxd4 12. Nxd4 Nb6 13. Be2 e5
14. Nf3 Re8 15. b3 Ne4 16. Nd2 Nxd2 17. Bxd2 Be6 18. Rb1 Rac8 19. Bf3 Nd5
20. O-O Nc3 21. Bxc3 1/2-1/2

[Event "Hrokurinn"]
[Site "Reykjavic ISL"]
[Date "2003.02.26"]
[Round "8"]
[White "Stefansson,H"]
[Black "Korchnoi,V"]
[Result "0-1"]
[WhiteElo "2569"]
[BlackElo "2642"]
[EventDate "2003.02.18"]

1. d4 Nf6 2. c4 e6 3. Nc3 Bb4 4. Qc2 O-O 5. a3 Bxc3+ 6. Qxc3 d6 7. Bg5 Nbd7
8. e3 e5 9. dxe5 dxe5 10. Bd3 a5 11. b3 Nc5 12. Bc2 Qd6 13. f3 Re8 14. Ne2
Qc6 15. O-O a4 16. b4 Nb3 17. Bxb3 axb3 18. Bxf6 gxf6 19. b5 Qc5 20. Qxb3
Be6 21. Rfc1 Red8 22. Ng3 f5 23. Kh1 Rd6 24. h3 Rad8 25. Rc3 R6d7 26. Rf1
Rd2 27. Rfc1 Qe7 28. Nf1 R2d7 29. Qc2 Qh4 30. Qe2 Kh8 31. R3c2 Rd6 32. Rc3
R6d7 33. c5 c6 34. bxc6 bxc6 35. R3c2 Qa4 36. Qf2 f6 37. Rc3 Rg7 38. e4
fxe4 39. f4 Qd4 40. Ne3 Rdg8 41. f5 Rxg2 42. Qh4 Qd2 43. Qxf6+ R8g7 44.
Qxe5 R2g3 0-1

[Event "Hrokurinn"]
[Site "Reykjavic ISL"]
[Date "2003.02.27"]
[Round "9"]
[White "Gretarsson,H"]
[Black "Macieja,B"]
[Result "1/2-1/2"]
[WhiteElo "2516"]
[BlackElo "2629"]
[EventDate "2003.02.18"]

1. d4 Nf6 2. c4 e6 3. Nf3 b6 4. Bf4 Bb7 5. e3 Nc6 6. a3 Ne7 7. h3 Ng6 8.
Bh2 Bd6 9. Bxd6 cxd6 10. Nc3 d5 11. Bd3 dxc4 12. Bxc4 Ne4 13. Nxe4 Bxe4 14.
O-O O-O 15. Ba6 f5 16. Nd2 Bc6 17. Qe2 Nh4 18. f3 b5 19. Bxb5 Bxb5 20. Qxb5
Rb8 21. Qd3 Rxb2 22. Rab1 Qg5 23. Rf2 Ra2 24. d5 h6 25. Kh1 Qe7 26. d6 Qf6
27. Qc4 Rxa3 28. Qc7 Rf7 29. Nb3 Kh7 30. Nc5 Ra1 31. Rxa1 Qxa1+ 32. Kh2
Qe5+ 33. Kg1 Qxe3 34. Nxd7 Qe1+ 35. Rf1 Qe2 36. Rf2 Qe1+ 37. Rf1 Qd2 38.
Rf2 Qd1+ 39. Kh2 Ng6 40. Qc6 Qd4 41. Rc2 Ne5 42. Nxe5 Qxe5+ 43. Kh1 Qd5 44.
Qxd5 exd5 45. Rc7 Rf6 46. Rc6 Rf8 47. d7 Rd8 48. Rd6 Kg8 49. Rxd5 Kf7 50.
Rd6 Ke7 51. Rg6 Kf7 52. Rd6 Ke7 53. Rg6 Rg8 54. d8=Q+ Kxd8 55. Ra6 Ke7 56.
Rxa7+ 1/2-1/2

[Event "Hrokurinn"]
[Site "Reykjavic ISL"]
[Date "2003.02.27"]
[Round "9"]
[White "Adams,Mi"]
[Black "Stefansson,H"]
[Result "1-0"]
[WhiteElo "2734"]
[BlackElo "2569"]
[EventDate "2003.02.18"]

1. e4 c5 2. Nf3 d6 3. d4 cxd4 4. Nxd4 Nf6 5. Nc3 Nc6 6. Bg5 e6 7. Qd2 Be7
8. O-O-O Nxd4 9. Qxd4 a6 10. f4 b5 11. Bxf6 gxf6 12. Kb1 Qc7 13. Qe3 Bb7
14. Bd3 Qc5 15. Qh3 Bc6 16. Qh6 O-O-O 17. Rhe1 Rdg8 18. g3 Kb7 19. f5 Bd8
20. Ne2 exf5 21. exf5 Re8 22. Qh5 Re7 23. Nf4 Rhe8 24. Rxe7+ Rxe7 25. Qxh7
Bb6 26. a3 b4 27. Ne6 Qa5 28. Qg7 Rd7 29. Qxf6 bxa3 30. Nd4 axb2 31. Nb3
Qb4 32. Kxb2 Rc7 33. c3 Qg4 34. Rd2 Qf3 35. Qxd6 Rd7 36. Qb4 a5 37. Nxa5+
Kc7 38. Nc4 Ba7 39. Ne5 1-0